| 000 | 01027nmc a2200361 a 4500 | ||
|---|---|---|---|
| 003 | AR-BaBNM | ||
| 005 | 20251128202949.0 | ||
| 008 | 206019s1963 ||||||||||||||000 | spa|| | ||
| 040 | _cAR-BaBNM | ||
| 245 | 1 | 0 |
_aHombres de la Argentina _bde la Organización Nacional a la crisis del 30 _n2 |
| 260 |
_aBuenos Aires _bEudeba _c1963 |
||
| 300 | _a109 p. | ||
| 490 | 0 |
_aSerie del siglo y medio _vv. 47 |
|
| 600 | 1 | 4 | _aAlberdi, Juan Bautista |
| 600 | 1 | 4 | _aMitre, Bartolomé |
| 600 | 1 | 4 |
_aSarmiento, Domingo Faustino _d1868-1874 |
| 600 | 1 | 4 | _aRoca, Julio A. |
| 600 | 1 | 4 | _aAlem, Leandro N. |
| 600 | 1 | 4 | _aJusto, Juan B. |
| 600 | 1 | 4 | _aYrigoyen, Hipólito |
| 600 | 1 | 4 | _aTorre, Lisandro de la |
| 650 | 4 | _aBIOGRAFIAS | |
| 650 | 4 | _aHISTORIA | |
| 650 | 4 | _aPOLITICA | |
| 650 | 4 | _aORGANIZACION NACIONAL | |
| 650 | 4 | _aREVOLUCION DE 1930 | |
| 650 | 4 | _aPERIODO INDEPENDIENTE | |
| 651 | 4 | _aArgentina | |
| 655 | _aBIOGRAFIAS | ||
| 700 | 1 |
_aRodríguez Bustamante, Norberto _ecompilador |
|
| 942 | _cBK | ||
| 998 | _cEnrique | ||
| 999 |
_c1298 _d1298 |
||